| 000 | 00495nam a2200193Ia 4500 | ||
|---|---|---|---|
| 005 | 20250425160642.0 | ||
| 008 | 250425s9999 xx 000 0 und d | ||
| 041 | _aspa | ||
| 082 | _a004.03 | ||
| 100 | _aWANOUS, S J | ||
| 245 | 0 | _aINTRODUCCIÓN AL PROCESAMIENTO AUTOMÁTICO DE DATOS | |
| 250 | _aSEGUNDA EDICION | ||
| 260 |
_aEstados Unidos _bSOUTH-WESTERN PUBLISHING _c1986 |
||
| 300 | _a364 | ||
| 650 | _aCOMPUTADORES | ||
| 650 | _aPROCESO DE DATOS | ||
| 942 | _c01 | ||
| 010 | _a1321 | ||
| 999 |
_c193419 _d193419 |
||